Študijný program Podnikovohospodárskej fakulty v Košiciach Ekonomická univerzita v Bratislave

Saved in:
Bibliographic Details
Corporate Author: Ekonomická univerzita v Bratislave. Podnikovohospodárska fakulta so sídlom v Košiciach
Other Authors: Neufeld, Juraj, 1946-, Kordošová, Elena
Format: Book
Language:Slovak
Published: Bratislava Ekonóm 2003
Subjects:
Tags: Add Tag
No Tags, Be the first to tag this record!

MARC

LEADER 00000nam a2200000 4500
001 0017655
005 20230307091709.9
020 |a 80-225-1729-1 
041 0 |a slo 
044 |a SK 
245 1 0 |a Študijný program Podnikovohospodárskej fakulty v Košiciach  |b Ekonomická univerzita v Bratislave  |c [zostavili: Juraj Neufeld, Elena Kordošová] 
264 1 |a Bratislava  |b Ekonóm  |c 2003 
300 |a 94 s. 
610 2 0 |a programy študijné 
610 2 0 |a univerzity 
610 2 0 |a vzdelávanie vysokoškolské 
700 1 |a Neufeld, Juraj, 1946- 
700 1 |a Kordošová, Elena 
710 2 |a Ekonomická univerzita v Bratislave. Podnikovohospodárska fakulta so sídlom v Košiciach